000 00485nam a2200169 i 4500
001 bg
245 0 _aĆwiczenia z mechaniki budowli /
_cZbyszko Stojek [et al.].
260 _aRzeszów :
_bWydaw. Uczelniane Politechniki Rzeszowskiej,
_c1979.
650 9 _aBudownictwo
_xmechanika
655 _aPodręczniki akademickie
700 1 _aStojek, Zbyszko.
040 _cBPK
041 _apol
080 _a624.04(075.8)(076)
942 _cKS
008 s pl f |000 0 pol
999 _c18533
_d18533
856 _uhttp://koha.tu.koszalin.pl/cgi-bin/koha/opac-detail.pl?biblionumber=18533
_yKatalog online BPK